| 000 | 00576nam a2200181 i 4500 | ||
|---|---|---|---|
| 001 | 41146 | ||
| 003 | ES-MaACL | ||
| 005 | 20250804063400.0 | ||
| 007 | t| | ||
| 008 | 030310s1904 sp ||||1| spa d | ||
| 100 | 1 |
_aCascales Muñoz, José, _d1865-1933 _936269 |
|
| 245 | 1 | 0 |
_aApuntes para la historia de Villafranca de los Barros (Badajoz) / _cJosé Cascales Muñoz. |
| 260 |
_aMadrid : _bFortanet, _c1904. |
||
| 300 |
_aXXIV, 128 p. ; _c19 cm. |
||
| 651 | 4 |
_aVillafranca de los Barros- _xHistoria. _9150160 |
|
| 852 |
_aES-MaACL _jF-8690 |
||
| 999 |
_c41146 _d41146 |
||